The Ultimate North American Roller Coaster Quiz - Statistics

General Stats
  • This quiz has been taken 820 times
    818 since last reset
  • The average score is 200 of 500
Answer Stats
Park Coaster % Correct
Canada's Wonderland | Kings Island | Lagoon Bat
87%
La Ronde | Six Flags Fiesta Texas | Six Flags Great America | +2 others Goliath
84%
Six Flags Discovery Kingdom | Six Flags Fiesta Texas | Six Flags Great Adventure | +6 others Batman The Ride
78%
Six Flags Great Adventure Kingda Ka
76%
Six Flags Magic Mountain X2
75%
Six Flags Mexico Wonder Woman
73%
Cedar Point Steel Vengeance
72%
Six Flags Discovery Kingdom | Six Flags Great Adventure | Six Flags Great America | +3 others Joker
71%
Six Flags Magic Mountain Tatsu
71%
Six Flags Great Adventure El Toro
70%
Six Flags Magic Mountain Twisted Colossus
70%
Cedar Point Maverick
69%
Carowinds Fury 325
68%
Carowinds Intimidator
68%
Busch Gardens Tampa Iron Gwazi
68%
Cedar Point Top Thrill Dragster
68%
SeaWorld Orlando Mako
67%
Six Flags Discovery Kingdom | Six Flags Great Adventure Medusa
67%
Frontier City | Lake Compounce Wildcat
66%
Kings Dominion Intimidator 305
65%
SeaWorld Orlando | SeaWorld San Diego Manta
65%
Cedar Point Millennium Force
65%
Canada's Wonderland Leviathan
64%
Kings Island Orion
64%
Cedar Point Raptor
64%
Six Flags Discovery Kingdom | Six Flags Great Adventure | Six Flags Great America | Six Flags Over Georgia Superman Ultimate Flight
64%
Cedar Point Gatekeeper
63%
Hersheypark Skyrush
63%
Six Flags Magic Mountain Superman Escape from Krypton
63%
Universal Islands Of Adventure Velocicoaster
63%
Six Flags Darien Lake | Six Flags Great America | Six Flags Magic Mountain Viper
63%
Lagoon Wicked
63%
Dollywood Lightning Rod
62%
Busch Gardens Tampa Montu
62%
Six Flags Great Adventure Nitro
62%
Cedar Point | Dorney Park | Hersheypark | Lagoon Wild Mouse
62%
Hersheypark Candymonium
61%
Frontier City Diamond Back
61%
Kings Island Diamondback
61%
Six Flags Magic Mountain Scream!
61%
Kings Dominion Twisted Timbers
61%
Cedar Point Valravn
61%
Six Flags Magic Mountain West Coast Racers
61%
Busch Gardens Tampa Cheetah Hunt
60%
Six Flags Magic Mountain | Six Flags New England Riddler's Revenge
60%
Cedar Point | Michigan’s Adventure | Silverwood | Valleyfair! Corkscrew
59%
Knott's Berry Farm Ghostrider
59%
Six Flags Fiesta Texas Iron Rattler
59%
Busch Gardens Tampa Kumba
59%
Busch Gardens Tampa Sheikra
59%
Cedar Point Blue Streak
58%
Elitch Gardens | La Ronde | Six Flags Fiesta Texas | +4 others Boomerang
58%
Six Flags Great Adventure Green Lantern
58%
Cedar Point Magnum Xl 200
58%
Busch Gardens Williamsburg Apollo’s Chariot
57%
Kings Island Banshee
57%
Kings Island Beast
57%
Six Flags Magic Mountain Full Throttle
57%
Universal Islands Of Adventure Incredible Hulk
57%
SeaWorld Orlando Kraken
57%
Six Flags Over Texas New Texas Giant
57%
Adventureland Outlaw
57%
Six Flags America Superman Ride of Steel
57%
California's Great America | Carowinds | Cedar Point | +4 others Woodstock Express
57%
Six Flags Discovery Kingdom Cobra
56%
Cedar Point Gemini
56%
Six Flags Magic Mountain | Six Flags St Louis Ninja
56%
Six Flags New England Superman The Ride
56%
Holiday World Voyage
56%
Canada's Wonderland Behemoth
55%
Busch Gardens Williamsburg Griffon
55%
Silver Dollar City Outlaw Run
55%
Disneyland | Magic Kingdom Space Mountain
55%
Hersheypark Storm Runner
55%
Silver Dollar City Time Traveler
55%
Hersheypark Wildcat’s Revenge
55%
Knott's Berry Farm Hangtime
54%
Kings Island Mystic Timbers
54%
Busch Gardens Williamsburg Pantheon
54%
Adventureland | Knoebels Phoenix
54%
Cedar Point Rougarou
54%
Six Flags Over Georgia Twisted Cyclone
54%
Knott's Berry Farm Xcelerator
54%
Busch Gardens Williamsburg Alpengeist
53%
Lagoon Cannibal
53%
La Ronde | Lakeside Amusement Park Dragon
53%
Canada's Wonderland Fly
53%
Hersheypark Great Bear
53%
Cedar Point Iron Dragon
53%
Six Flags Over Texas | Six Flags St Louis Mr Freeze Reverse Blast
53%
Kennywood Phantom’s Revenge
53%
California's Great America Railblazer
53%
Six Flags Magic Mountain Apocalypse
52%
Six Flags Great America Raging Bull
52%
Kentucky Kingdom Storm Chaser
52%
Hersheypark Fahrenheit
51%
California's Great America | Canada's Wonderland Flight Deck
51%
Mount Olympus Hades 360
51%
California's Great America | Worlds of Fun Patriot
51%
Kennywood | Kings Island Racer
51%
Busch Gardens Tampa Tigris
51%
Carowinds Copperhead Strike
50%
Indiana Beach | Lakeside Amusement Park | Luna Park Cyclone
50%
Six Flags Great America Maxx Force
50%
Holiday World Raven
50%
Kennywood Steel Curtain
50%
Busch Gardens Williamsburg Verbolten
50%
Great Escape | Hersheypark | Waldameer Comet
49%
Disney’s Animal Kingdom Expedition Everest
49%
Kings Dominion | Kings Island Flight of Fear
49%
SeaWorld Orlando Ice Breaker
49%
Canada's Wonderland | Carowinds Vortex
49%
Disney California Adventure Incredicoaster
48%
Worlds of Fun Mamba
48%
Frontier City | Knott's Berry Farm Silver Bullet
48%
Fun Spot Parks (Biggest Coasters) Arieforce One
47%
Cedar Point Cedar Creek Mine Ride
47%
Busch Gardens Tampa Cobra’s Curse
47%
Universal Studios Florida | Universal Studios Hollywood Revenge of the Mummy
47%
Nickeloden Universe - American Dream TMNT Shellraiser
47%
Six Flags New England Wicked Cyclone
47%
Canada's Wonderland Yukon Striker
47%
California's Great America | Six Flags Great America Demon
46%
Six Flags Discovery Kingdom | Six Flags Great America Flash: Vertical Velocity
46%
Universal Islands Of Adventure Hagrid’s Magical Creatures Motorbike Adventure
46%
Busch Gardens Williamsburg Loch Ness Monster
46%
Elitch Gardens | Six Flags America | Six Flags Darien Lake Mind Eraser
46%
Six Flags Magic Mountain New Revolution
46%
Six Flags Over Texas Titan
46%
Dollywood Wild Eagle
46%
Six Flags Great America X Flight
46%
Carowinds Afterburn
45%
California's Great America Gold Striker
45%
Six Flags Great Adventure Jersey Devil Coaster
45%
Kentucky Kingdom Lightning Run
45%
Busch Gardens Tampa Scorpion
45%
Canada's Wonderland | Kings Dominion | Kings Island Backlot Stunt Coaster
44%
Universal Studios Florida Hollywood Rip Ride Rockit
44%
SeaWorld Orlando Pipeline
44%
Michigan’s Adventure Shivering Timbers
44%
SeaWorld San Antonio Steel Eel
44%
Busch Gardens Williamsburg Tempesto
44%
Holiday World Thunderbird
44%
Silver Dollar City Wildfire
44%
Kings Dominion Anaconda
43%
New York New York Hotel :) Big Apple Coaster
43%
California's Great America | Kings Dominion Grizzly
43%
Adventureland Monster
43%
Disney’s Hollywood Studios Rock N Roller Coaster
43%
Dorney Park Steel Force
43%
Silverwood Stunt Pilot
43%
Knoebels Twister
43%
Valleyfair! Wild Thing
43%
Kings Dominion Dominator
42%
SeaWorld San Diego Emperor
42%
Holiday World Legend
42%
Six Flags Darien Lake Ride of Steel
42%
Dorney Park Talon
42%
Disneyland | Magic Kingdom Big Thunder Mountain Railroad
41%
Six Flags Great Adventure | Six Flags Great America | Six Flags Mexico Dark Knight
41%
Six Flags Magic Mountain Gold Rusher
41%
Kennywood Jack Rabbit
41%
Six Flags Fiesta Texas | Six Flags Mexico Superman Krypton Coaster
41%
Silver Dollar City Fire In The Hole
40%
EPCOT Gaurdians of the Galaxy: Cosmic Rewind
40%
Carowinds Hurler
40%
Hersheypark Lightning Racer
40%
Dollywood Mystery Mine
40%
Kings Dominion Racer 75
40%
Disney’s Hollywood Studios Slinky Dog Dash
40%
Dollywood Tennessee Tornado
40%
Kennywood | Luna Park | Six Flags New England Thunderbolt
40%
Six Flags Great America American Eagle
39%
Dollywood Big Bear Mountain
39%
Six Flags St Louis Boss
39%
Lake Compounce Boulder Dash
39%
Carowinds Carolina Cyclone
39%
Knott's Berry Farm Coast Rider
39%
Dorney Park Hydra the Revenge
39%
Carowinds Nighthawk
39%
Silver Dollar City Powder Keg
39%
Six Flags Great Adventure | Six Flags Over Texas Runaway Mine Train
39%
Six Flags Great Adventure Skull Mountain
39%
Hersheypark Sooperdooperlooper
39%
Dollywood Thunderhead
39%
Carowinds | Cedar Point Wilderness Run
39%
Six Flags Fiesta Texas Wonder Woman Golden Lasso Coaster
39%
Six Flags America Batwing
38%
SeaWorld San Diego Electric Eel
38%
Six Flags America Firebird
38%
Morey’s Piers | SeaWorld San Antonio Great White
38%
Hersheypark Laff Trak
38%
Six Flags Magic Mountain Wonder Woman Flight of Courage
38%
Mount Olympus Zeus
38%
Universal Islands Of Adventure | Universal Studios Hollywood Flight of the Hippogriff
37%
Busch Gardens Williamsburg InvadR
37%
Kings Island Invertigo
37%
Six Flags Fiesta Texas | Six Flags New England | Six Flags Over Texas | Six Flags St Louis Pandemonium
37%
Six Flags Over Georgia Georgia Scorcher
36%
Six Flags Over Georgia Great American Scream Machine
36%
Hersheypark Jolly Rancher Remix
36%
Six Flags Mexico Medusa Steel Coaster
36%
Dorney Park Possessed
36%
Valleyfair! Renegade
36%
Six Flags Discovery Kingdom | Six Flags Fiesta Texas | Six Flags Magic Mountain Road Runner Express
36%
Lagoon Roller Coaster
36%
Kentucky Kingdom T3
36%
Busch Gardens Tampa Air Grover
35%
Great Escape | Six Flags Magic Mountain Canyon Blaster
35%
SeaWorld Orlando | SeaWorld San Antonio | SeaWorld San Diego Journey To Atlantis
35%
Magic Kingdom Seven Dwarfs Mine Train
35%
Kings Dominion Tumbili
35%
Kings Dominion Apple Zapple
34%
Busch Gardens Williamsburg DarKoaster
34%
Dollywood Firechaser Express
34%
Six Flags America Roar
34%
Six Flags Over Texas Shock Wave
34%
Dorney Park | Michigan’s Adventure Thunderhawk
34%
Knott's Berry Farm Jaguar!
33%
Knott's Berry Farm Montezooma's Revenge
33%
Sesame Place Pennsylvania Oscar’s Wacky Taxi
33%
Knott's Berry Farm Pony Express
33%
Worlds of Fun Prowler
33%
Nickeloden Universe - American Dream Sandy’s Blasting Bronco
33%
Six Flags Mexico Superman El Ultimo Escape
33%
Six Flags Over Georgia Dare Devil Dive
32%
Kings Dominion | Kings Island Great Pumpkin Coaster
32%
Six Flags America Joker's Jinx
32%
Six Flags Magic Mountain Magic Flyer
32%
Fun Spot Parks (Biggest Coasters) Mine Blower
32%
Mount Olympus Pegasus
32%
Six Flags Fiesta Texas Poltergeist
32%
Busch Gardens Tampa Sand Serpent
32%
SeaWorld San Antonio Texas Stingray
32%
Canada's Wonderland Time Warp
32%
Magic Kingdom Barnstormer
31%
Elitch Gardens Sidewinder
31%
Canada's Wonderland | Kentucky Kingdom Thunder Run
31%
Magic Kingdom TRON Lightcycle Run
31%
Kings Island Adventure Express
30%
Six Flags Over Georgia Blue Hawk
30%
Mount Olympus Cyclops
30%
Six Flags Fiesta Texas Dr Diabolical's Cliffhanger
30%
Hersheypark Trailblazer
30%
Carowinds Carolina Goldrusher
29%
Indiana Beach Cornball Express
29%
Dollywood Dragonflier
29%
Great Escape | Six Flags New England Flashback
29%
Kentucky Kingdom Kentucky Flyer
29%
Disneyland Matterhorn Bobsleds
29%
Waldameer Ravine Flyer II
29%
Kennywood Sky Rocket
29%
Silver Dollar City Thunderation
29%
La Ronde Vampire
29%
SeaWorld San Antonio Wave Breaker
29%
Six Flags Great America Whizzer
29%
Six Flags America Wild One
29%
Silverwood Aftershock
28%
Six Flags New England Batman The Dark Knight
28%
Valleyfair! Excalibur
28%
Carowinds Flying Cobras
28%
Knoebels Flying Turns
28%
Knoebels Impulse
28%
Six Flags Over Texas Judge Roy Scream
28%
Six Flags Discovery Kingdom Kong
28%
Six Flags Great Adventure Lil Devil Coaster
28%
Kings Dominion Reptilian
28%
Valleyfair! Steel Venom
28%
Worlds of Fun Zambezi Zinger
28%
SeaWorld San Diego Arctic Rescue
27%
Six Flags Great Adventure Harley Quinn Crazy Train
27%
Michigan’s Adventure | Valleyfair! Mad Mouse
27%
Knott's Berry Farm Sierra Sidewinder
27%
Six Flags St Louis American Thunder
26%
Dollywood Blazing Fury
26%
Six Flags Over Texas La Vibora
26%
Six Flags Darien Lake Predator
26%
Six Flags Over Georgia Riddler Mindbender
26%
Great Escape Steamin Demon
26%
Fun Spot Parks (Biggest Coasters) White Lightning
26%
Morey’s Piers Great Nor’easter
25%
Canada's Wonderland Mighty Canadian Minebuster
25%
La Ronde Monstre
25%
Six Flags St Louis Screamin Eagle
25%
Six Flags Darien Lake Tantrum
25%
Worlds of Fun Timber Wolf
25%
Six Flags Discovery Kingdom Boomerang Coast To Coaster
24%
Six Flags Darien Lake Boomerang Coast to Coaster
24%
Busch Gardens Williamsburg Grover’s Alpine Express
24%
Universal Studios Florida Harry Potter and the Escape from Gringotts
24%
Carowinds Kiddy Hawk
24%
Six Flags Great America Little Dipper
24%
Six Flags Over Texas Mini Mine Train
24%
Six Flags Magic Mountain Speedy Gonzales Hot Rod Racers
24%
Indiana Beach Steel Hawg
24%
Adventureland Tornado
24%
Six Flags Over Texas Aquaman Power Wave
23%
Six Flags New England Catwoman's Whip
23%
Hersheypark Cocoa Cruiser
23%
Kings Island Flying Ace Aerial Chase
23%
Disney California Adventure Goofy’s Sky School
23%
Carowinds Ricochet
23%
Canada's Wonderland Wilde Beast
23%
Michigan’s Adventure Wolverine Wildcat
23%
Canada's Wonderland Dragon Fyre
22%
Lake Compounce Phobia Phear Coaster
22%
Six Flags America Ragin Cajun
22%
Six Flags Over Texas Runaway Mountain
22%
Nickeloden Universe - American Dream Shredder
22%
Silverwood Tremors
22%
Six Flags Over Georgia Dahlonega Mine Train
21%
Indiana Beach Hoosier Hurricane
21%
Lagoon Spider
21%
Great Escape Alpine Bobsled
20%
Six Flags New England Gotham City Gauntlet
20%
Six Flags Over Georgia Joker Funhouse Coaster
20%
Indiana Beach Lost Coaster of Superstition Mountain
20%
California's Great America Psycho Mouse
20%
Kentucky Kingdom Roller Skater
20%
Six Flags Great America Sprocket Rockets
20%
Frontier City Steel Lasso
20%
SeaWorld Orlando | SeaWorld San Antonio | Sesame Place California Super Grover’s Box Car Derby
20%
SeaWorld San Diego Tidal Twister
20%
Dollywood Whistle Punk Chaser
20%
Canada's Wonderland Wonder Mountain's Guardian
20%
La Ronde Ednor
19%
Nickeloden Universe - American Dream Nickelodeon Slime Streak
19%
Universal Islands Of Adventure Pteranodon Flyers
19%
Silverwood Timber Terror
19%
Sesame Place Pennsylvania Vapor Trail
19%
Michigan’s Adventure Zach’s Zoomer
19%
Valleyfair! | Worlds of Fun Cosmic Coaster
18%
Adventureland Dragon Slayer
18%
Frontier City | Great Escape Frankie's Mine Train
18%
Elitch Gardens Half Pipe
18%
Valleyfair! High Roller
18%
Worlds of Fun Spinning Dragons
18%
Wild Adventures Twisted Typhoon
18%
Lagoon Colossus The Fire Dragon
17%
Kennywood Exterminator
17%
Canada's Wonderland Ghoster Coast
17%
Six Flags America | Six Flags New England Great Chase
17%
Six Flags Darien Lake Moto Coaster
17%
Waldameer Ravine Flyer 3
17%
Six Flags Discovery Kingdom Sidewinder Safari
17%
Luna Park Soarin Eagle
17%
Waldameer Steel Dragon
17%
Luna Park Steeplechase
17%
Nickeloden Universe - American Dream Timmy’s Half Pipe Havoc
17%
Knoebels Black Diamond
16%
Kennywood Lil Phantom
16%
Morey’s Piers Sea Serpent
16%
Canada's Wonderland Silver Streak
16%
Knott's Berry Farm Timberline Twister
16%
Elitch Gardens Twister II
16%
Lake Compounce Zoomerang
16%
Silver Dollar City Grand Exposition Coaster
15%
Lagoon Jet Star 2
15%
California's Great America Lucy's Crabbie Cabbies
15%
Six Flags St Louis River King Mine Train
15%
Canada's Wonderland Snoopy's Racing Railway
15%
Canada's Wonderland Taxi Jam
15%
Luna Park Tickler
15%
Six Flags Mexico Tsunami
15%
Holiday World Howler
14%
Magic Springs X Coaster
14%
Adventureland Underground
13%
Magic Springs Arkansas Twister
12%
Six Flags Darien Lake Hoot N Holler
12%
Wild Adventures Swamp Thing
12%
Lagoon Bombora
11%
Wild Adventures Go Bananas!
11%
Lagoon Puff the Little Fire Dragon
10%
Indiana Beach Tig’rr Coaster
10%
Magic Springs Big Bad John
9%
Disneyland Chip & Dale’s Gadget Coaster
9%
Luna Park Circus Coaster
9%
Magic Springs Gauntlet
9%
Mount Olympus Little Titans
9%
Wild Adventures Outpost Express
9%
Morey’s Piers Rollies Coaster
9%
Wild Adventures Swampwater Snake
9%
La Ronde Toboggan Nordique
9%
Luna Park Tony’s Express
9%
Universal Studios Florida Woody Woodpecker Nuthouse Coaster
9%
Morey’s Piers Doo Whopper
8%
Adventureland Flying Viking
8%
Lake Compounce | Lakeside Amusement Park Kiddie Coaster
8%
Knoebels Kosmo’s Kurves
8%
La Ronde Marche Du Mille Pattes
8%
Morey’s Piers Runaway Tram
8%
Six Flags Fiesta Texas Streamliner Coaster
8%
Silverwood Tiny Toot
8%
Six Flags Over Texas Wile E Coyote's Grand Canyon Blaster
8%
Luna Park Mini Mouse
7%
Waldameer Whirlwind
7%
Indiana Beach American Drier Looping
6%
Silverwood Krazy Koaster
6%
Elitch Gardens Blazin Buckaroo
5%
Morey’s Piers Wild Whizzer
5%
Magic Springs Diamond Mine Run
4%
Lakeside Amusement Park Wild Chipmunk
4%
No matching quizzes found
Score Distribution
Percent of People with Each Score
Percentile by Number Answered
Your Score History
You have not taken this quiz since the last reset